00574nam a2200181Ia 450000500170000000800410001701600140005804000170007205000160008908200150010510000220012024501290014226000390027130000180031050000260032856300100035465000280036420250205123735.0210303s9999 xx 000 0 und d 2reto2022b aNLNbEnglish aD412.6b.A9 a909.820922 aAYLING, S. Eeaut 0aPortraits of power :ban introduction to 20th century history through the lives of 17 great political leaders /cS. E Ayling aNew York :bBarnes & Noble,c1963 a432p.b; 23cm aincludes bibliography a(pbk) aBiographyv20th century